[Event "Cairo Heliopolis op 2nd"]
[Site "Cairo"]
[Date "2010.06.01"]
[Round "3"]
[White "Elsayed, Alaa Eldin"]
[Black "Mahdy, Tawfeik"]
[Result "0-1"]
[WhiteElo "2031"]
[BlackElo "2125"]
[PlyCount "72"]
[EventDate "2010.05.30"]
[EventType "swiss"]
[EventRounds "9"]
[EventCountry "EGY"]
[SourceTitle "EXT 2011"]
[Source "ChessBase"]
[SourceDate "2010.11.26"]
[SourceVersion "1"]
[SourceVersionDate "2010.11.26"]
[SourceQuality "1"]

1. d4 Nf6 2. c4 g6 3. Nc3 d5 4. cxd5 Nxd5 5. e4 Nxc3 6. bxc3 Bg7 7. Bc4 c5 8. Ne2 0-0 9. Be3 cxd4 10. cxd4 Nc6 11. 0-0 Na5 12. Bd3 Bg4 13. f3 Be6 14. d5 Bd7 15. Rb1 b6 16. Qd2 Re8 17. Bf4 Nb7 18. Rbc1 Nc5 19. Rfd1 e5 20. Be3 Nxd3 21. Qxd3 Ba4 22. Rf1 Qd7 23. Nc3 Bf8 24. Qa6 b5 25. Nxa4 bxa4 26. Rc6 a3 27. Rfc1 Reb8 28. Bc5 Bh6 29. Rd1 Rb2 30. Qxa3 Rc2 31. Qb3 Re2 32. Rb1 Qd8 33. a3 Qh4 34. Qb8+ Bf8 35. Kf1 Rxb8 36. Kxe2 Rxb1 0-1

[Event "EGY-ch Masters"]
[Site "Cairo"]
[Date "2009.11.15"]
[Round "1.1"]
[White "Mahdy, Tawfeik"]
[Black "Amin, Ashraf"]
[Result "1-0"]
[WhiteElo "2069"]
[BlackElo "2336"]
[PlyCount "99"]
[EventDate "2009.11.15"]
[EventType "swiss"]
[EventRounds "8"]
[EventCountry "EGY"]
[SourceTitle "EXT 2024"]
[Source "ChessBase"]
[SourceDate "2023.10.10"]
[SourceVersion "1"]
[SourceVersionDate "2023.10.10"]
[SourceQuality "1"]

1. f4 d5 2. Nf3 Nf6 3. b3 g6 4. Bb2 Bg7 5. e3 0-0 6. Be2 c5 7. 0-0 Nc6 8. Ne5 Qc7 9. Nxc6 Qxc6 10. d3 b6 11. Nd2 Ba6 12. Bf3 Rad8 13. Qe1 Ne8 14. Bxg7 Kxg7 15. c4 e6 16. Qh4 Nf6 17. g4 Qd6 18. g5 Ng8 19. Rad1 Bb7 20. cxd5 exd5 21. Bg2 Rfe8 22. Rf3 h5 23. f5 Ba6 24. f6+ Kf8 25. Nf1 Qe5 26. Ng3 Qc3 27. Nxh5 gxh5 28. Qxh5 Re5 29. h4 Bxd3 30. Qh8 Qc2 31. Qg7+ Ke8 32. Qxg8+ Kd7 33. Qxf7+ Kc6 34. Rxd3 Qxd3 35. Qxa7 Rxe3 36. Bf1 Qe4 37. Rf2 Qxh4 38. f7 Rg3+ 39. Bg2 Qxg5 40. Qa4+ Kd6 41. Qe8 Rxg2+ 42. Rxg2 Qc1+ 43. Kf2 Qd2+ 44. Kf3 Qd3+ 45. Kf4 Qf1+ 46. Kg3 Qd3+ 47. Kh4 Qh7+ 48. Kg5 Qg7+ 49. Kf5 Rxe8 50. fxe8N+ 1-0

[Event "Golden Cleopatra op 6th"]
[Site "Cairo"]
[Date "2002.04.10"]
[Round "4"]
[White "Amin, Bassem"]
[Black "Mahdy, Tawfeik"]
[Result "1-0"]
[WhiteElo "2202"]
[BlackElo "2060"]
[PlyCount "123"]
[EventDate "2002.04.07"]
[EventType "swiss"]
[EventRounds "11"]
[EventCountry "EGY"]
[SourceTitle "CBM 087 Extra"]
[Source "ChessBase"]
[SourceDate "2002.05.03"]
[SourceVersion "2"]
[SourceVersionDate "2002.08.09"]
[SourceQuality "1"]

1. e4 c5 2. Nf3 d6 3. d3 Bg4 4. h3 Bh5 5. g4 Bg6 6. Bg2 Nc6 7. 0-0 Nf6 8. Nh4 e5 9. Nf5 h5 10. g5 Bxf5 11. exf5 Nd7 12. Nc3 h4 13. Nd5 Nb6 14. c3 Be7 15. Qg4 Nxd5 16. Bxd5 Qd7 17. g6 f6 18. Bf7+ Kd8 19. Be6 Qc7 20. a3 a5 21. Be3 Ke8 22. b4 b6 23. b5 Nd8 24. Bd5 Ra7 25. a4 Kd7 26. c4 Kc8 27. f3 Qd7 28. Kf2 Rc7 29. Ke2 Kb8 30. Kd2 Ka7 31. Kc2 Nb7 32. Rh1 Qd8 33. Rh2 Rc8 34. Rah1 Qc7 35. Bf2 Qb8 36. Bxh4 Rxh4 37. Qxh4 Rh8 38. Qe4 Rh6 39. h4 Qc7 40. h5 Nd8 41. Rg2 Bf8 42. Rhg1 Qd7 43. Qe3 Rxh5 44. Qe4 Rxf5 45. Qg4 Ne6 46. Bxe6 Qxe6 47. Rh1 e4 48. fxe4 Rf2+ 49. Kb1 f5 50. Qg3 Rxg2 51. Qxg2 fxe4 52. Qxe4 Qf6 53. Qe8 Be7 54. Re1 Bd8 55. Qf7+ Kb8 56. Qxf6 Bxf6 57. Re6 Be5 58. Re7 Kc8 59. Kc2 Kd8 60. Rb7 d5 61. cxd5 Bc7 62. d6 1-0